Burzy a vojny proti Iraku

Vplyv vojnových konfliktov na burzy. Porovnanie medzinárodnej situácie v roku 1990 (vpád Saddáma Husajna do Kuvajtu) so súčasným konfliktom USA a Irak. Vplyv na cenu ropy a celkový stav svetovej ekonomiky.

Uložené v:
Podrobná bibliografia
Hlavný autor: Šalgovič, Ján
Médium: Kapitola
Jazyk:Slovak
Predmet:
Tagy: Pridať tag
Žiadne tagy, Buďte prvý, kto otaguje tento záznam!

MARC

LEADER 00000naa a2200000 4500
001 r048439
005 20230920090324.0
041 0 |a slo 
044 |a SK 
245 1 0 |a Burzy a vojny proti Iraku  |c Ján Šalgovič 
520 |a Vplyv vojnových konfliktov na burzy. Porovnanie medzinárodnej situácie v roku 1990 (vpád Saddáma Husajna do Kuvajtu) so súčasným konfliktom USA a Irak. Vplyv na cenu ropy a celkový stav svetovej ekonomiky. 
610 2 0 |a politika hospodárska medzinárodná 
610 2 0 |a konflikty 
610 2 0 |a vojny 
610 2 0 |a ropa 
610 2 0 |a Irak 
610 2 0 |a Kuvajt 
610 2 0 |a USA 
610 2 0 |a hospodárstvo svetové 
610 2 0 |a burzy 
100 1 |a Šalgovič, Ján